Chansons françaises 2 - Statistiques

Statistiques générales
  • Ce quiz a été pris 1 139 fois
  • Le résultat moyen est 27 sur 60
Statistiques - réponses
Chanson Artiste(s) % Correct
Alors on danse Stromaë
97%
Pour que tu m'aimes encore Céline Dion
88%
Elle me dit Mika
86%
Aline Christophe
83%
On s'attache Christophe Maé
83%
Manhattan-Kaboul Renaud et Axelle Red
83%
Je te promets Johnny Hallyday
81%
Paris-Seychelles Julien Doré
80%
Paroles... Paroles... Dalida et Alain Delon
78%
L'Aigle noir Barbara
77%
Lucie Pascal Obispo
77%
La corrida Francis Cabrel
76%
Je veux Zaz
70%
La Femme chocolat Olivia Ruiz
69%
A nos actes manqués Carole Fredericks, Jean-Jacques Goldman et Michael Jones
67%
Ma direction Sexion d'assaut
67%
Rue de la Paix Zazie
65%
Santiano Hugues Aufray
62%
Femme Like U K-Maro
61%
Le zizi Pierre Perret
60%
La même Maître Gims et Vianney
57%
Paname (2016) Slimane
55%
L'école est finie Sheila
50%
Débranche France Gall
49%
Le Cœur grenadine Laurent Voulzy
49%
Attention Mesdames et Messieurs Michel Fugain et Le Big Bazar
45%
Butterfly (2006) Superbus
45%
Les valses de Vienne François Feldman
43%
Tatoue-moi Mikelangelo Loconte (de Mozart l'Opéra Rock)
43%
Où sont les femmes ? Patrick Juvet
42%
French Prince Soprano
42%
Vertige de l'amour Alain Bashung
41%
Me Quemo Kendji Girac
40%
C'est toi que je t'aime Les Inconnus
40%
DJ (2003) Diam's
39%
Celui qui chante Michel Berger
38%
Yeux disent Lomepal
37%
Le Téléfon Nino Ferrer
37%
Quand j'étais chanteur Michel Delpech
36%
Johnny, Johnny Jeanne Mas
30%
Simon Para Tara Yannick Noah
30%
Le Jazz et la Java Claude Nougaro
28%
Ex-fan des sixties Jane Birkin
27%
Laisse pas traîner ton fils Suprême NTM
26%
Mise au point Jakie Quartz
25%
C'est extra Léo Férré
25%
Rio Grande Eddy Mitchell
22%
Onde sensuelle Matthieu Chedid
22%
Ba moin en ti bo La Compagnie Créole
20%
Maxou Vanessa Paradis
19%
Ta Katie t'a quitée Boby Lapointe
16%
Donnez-moi Les Frangines
16%
Avant de nous dire adieu Jeane Manson
13%
Marie-Jeanne (1990) Michel Sardou
13%
Quand la ville dort Niagara
13%
Un jour en France Noir Désir
11%
L'incendie à Rio Sacha Distel
10%
Les funérailles d'antan Georges Brassens
6%
Reste (1968) Claude François
4%
Rien qu'un homme Alain Barrière
2%
Aucun quiz correspondant
Distribution des résultats
% des personnes avec chaque résultat
Percentile par nombre de réponses
Votre historique - résultats
Vous n’avez pas pris ce quiz